00876cam a2200241 a 450000100090000000300060000900500170001500800410003201000170007302000220009004000180011205000230013008200210015310000300017424501360020425000120034026000510035230000290040350400640043265000390049665000660053570000330060113080793GBCCL20241126110658.0030204s2003 miua b 001 0 eng  a 2003043656 a0801026474 (pbk.) aDLCcDLCdDLC00aBV2063b.L434 200300a266.001221bLIN1 aLingenfelter, Sherwood G.10aMinistering cross-culturally :ban incarnational model for personal relationships /cSherwood G. Lingenfelter and Marvin K. Mayers. a2nd ed. aGrand Rapids, Mich. :bBaker Academic,cc2003. a128 p. :bill. ;c22 cm. aIncludes bibliographical references (p. 123-124) and index. 0aMissionsxAnthropological aspects. 0aIntercultural communicationxReligious aspectsxChristianity.1 aMayers, Marvin Keene,d1927-